My book of ambitions : (Record no. 40781)

MARC details
000 -LEADER
fixed length control field 00583nam a22001817a 4500
005 - DATE AND TIME OF LATEST TRANSACTION
control field 20100810160948.0
010 ## - LCCN (DPL NO)
LC control number ENG-99416
020 ## - INTERNATIONAL STANDARD BOOK NUMBER
International Standard Book Number 9788190729611
Terms of availability 175.00
035 ## - SYSTEM CONTROL NUMBER
System control number EN-82948
037 ## - SOURCE OF ACQUISITION
Source of stock number/acquisition DBAD/PUB
082 ## - DEWEY DECIMAL CLASSIFICATION NUMBER
Classification number S
100 ## - MAIN ENTRY--PERSONAL NAME
Personal name Pomal, Rahul
245 ## - TITLE STATEMENT
Title My book of ambitions :
Remainder of title a story about young Indian dreams /
Statement of responsibility, etc by Rahul Pomal
260 ## - PUBLICATION, DISTRIBUTION, ETC. (IMPRINT)
Name of publisher, distributor, etc Cinnamonteal Publishing
Date of publication, distribution, etc 2008
300 ## - PHYSICAL DESCRIPTION
Extent x,191p.
Dimensions 21cm (pbk)
942 ## - ADDED ENTRY ELEMENTS (KOHA)
Source of classification or shelving scheme Dewey Decimal Classification
Item type English Books
Classification part S
Call number suffix POM
Holdings
Withdrawn status Lost status Not for loan Collection code Home library Current library Date acquired Source of acquisition Cost, normal purchase price Full call number Barcode Copy number Cost, replacement price Koha item type
    Not For Loan Non-fiction D.B.Act.Division D.B.Act.Division 10/08/2010 DBAD/pUB 175.00 S POM EN-82948 1 175.00 English Books

© Delhi Public Library
Hit Counter
free hit counter